00622 2200229 4500001002100000005001500021035002500036090002000061245006100081260003100142300002200173008004100195040002200236082001400258084001600272650001800288850001200306999002000318100001400338990002000352990002000372YOGYA00000000004466420250620020900 a0010-081400000044382 aCB-D.11 1978-3210aBidang studi akidah dan akhlak jilid 3 /claily, abu dkk31ayogyakarta :bkota kembang a63 hlm, ;c23 cm.130831s1978 yoi g ind d aYOPDYOGbinderda04223a297.5 a297.5 ABU b 4aAkidah Akhlak aYOPDYOG aCB-D.11/1978-32 aAbu Laily aCB-D.11/1978-31 aCB-D.11/1978-32